[Event "SWE-ch"]
[Site "Sunne"]
[Date "2015.07.16"]
[Round "6.2"]
[White "Blomqvist, Erik"]
[Black "Hector, Jonny"]
[Result "1/2-1/2"]
[WhiteElo "2487"]
[BlackElo "2485"]
[PlyCount "115"]
[EventDate "2015.07.11"]
[EventType "tourn"]
[EventRounds "9"]
[EventCountry "SWE"]
[EventCategory "11"]
[SourceTitle "CBM 167 Extra"]
[Source "ChessBase"]
[SourceDate "2015.09.14"]
[SourceVersion "1"]
[SourceVersionDate "2015.09.14"]
[SourceQuality "1"]
1. d4 d5 2. c4 c6 3. Nc3 Nf6 4. cxd5 cxd5 5. Bf4 Nc6 6. e3 Bf5 7. Qb3 Na5 8.
Bb5+ Bd7 9. Qd1 e6 10. Bd3 Rc8 11. Nf3 Bb4 12. O-O O-O 13. Ne5 Nc4 14. Bxc4
dxc4 15. Bg5 Be7 16. Rc1 b5 17. Qf3 b4 18. Bxf6 gxf6 19. Nxd7 Qxd7 20. Ne2 f5
21. Rfd1 Rfd8 22. b3 c3 23. Nf4 Bf6 24. Rc2 Kh8 25. Ra1 Qc6 26. Qxc6 Rxc6 27.
Nd3 a5 28. Kf1 Kg8 29. Ke2 Be7 30. Ne5 Rc7 31. f4 a4 32. Rb1 Ra8 33. Kd3 Ra6
34. g3 h5 35. Re2 Rca7 36. Rc2 axb3 37. axb3 Ra1 38. Rxa1 Rxa1 39. Kc4 Bf8 40.
Nd3 Ra8 41. Nc5 Rb8 42. Ra2 Kg7 43. Ra7 Kg8 44. Ra2 Be7 45. h3 Kh8 46. Rg2 Kh7
47. g4 fxg4 48. hxg4 hxg4 49. Rxg4 Rg8 50. Rxg8 Kxg8 51. Nd3 f5 52. Ne1 Kf7 53.
Nc2 Bf8 54. Kb5 Kf6 55. Kc6 Be7 56. Kd7 Bf8 57. Ke8 Bd6 58. Kd7 1/2-1/2

[Event "SWE-ch"]
[Site "Sunne"]
[Date "2015.07.16"]
[Round "6.3"]
[White "Carlsson, Pontus"]
[Black "Cramling, Pia"]
[Result "0-1"]
[WhiteElo "2451"]
[BlackElo "2512"]
[PlyCount "108"]
[EventDate "2015.07.11"]
[EventType "tourn"]
[EventRounds "9"]
[EventCountry "SWE"]
[EventCategory "11"]
[SourceTitle "CBM 167 Extra"]
[Source "ChessBase"]
[SourceDate "2015.09.14"]
[SourceVersion "1"]
[SourceVersionDate "2015.09.14"]
[SourceQuality "1"]
1. e4 c5 2. Nf3 e6 3. d4 cxd4 4. Nxd4 Nc6 5. Nc3 Qc7 6. g3 a6 7. Bg2 Nf6 8. O-O
d6 9. Re1 Nd7 10. Nxc6 bxc6 11. Na4 Bb7 12. c4 c5 13. b3 Be7 14. Bb2 O-O 15. f4
Rfe8 16. Qd2 Bc6 17. Nc3 Bf6 18. Nd1 Bxb2 19. Qxb2 Rad8 20. Nc3 Bb7 21. Rad1
Nb8 22. Rf1 Nc6 23. f5 f6 24. fxe6 Rxe6 25. Nd5 Qf7 26. a3 Ne5 27. Qc3 Bxd5 28.
exd5 Ree8 29. Bh3 Qc7 30. Be6+ Kh8 31. Rf4 Rb8 32. Re1 Rb6 33. Re3 Reb8 34. Qc2
a5 35. g4 Qe7 36. a4 Rb4 37. Rh3 g6 38. g5 fxg5 39. Rf2 Rf8 40. Qc3 Rxf2 41.
Kxf2 Qf6+ 42. Kg2 Rb8 43. Qxa5 Rf8 44. Qe1 Nf3 45. Qe3 Qb2+ 46. Kg3 Ne5 47. Bg4
Rf4 48. Be2 Qc2 49. a5 Kg7 50. a6 Re4 51. Qxg5 Nf7 52. Rxh7+ Kxh7 53. Qf6 Re3+
54. Bf3 Qf5 0-1

[Event "SWE-ch"]
[Site "Sunne"]
[Date "2015.07.15"]
[Round "5.3"]
[White "Hillarp Persson, Tiger"]
[Black "Cramling, Pia"]
[Result "0-1"]
[WhiteElo "2563"]
[BlackElo "2512"]
[PlyCount "100"]
[EventDate "2015.07.11"]
[EventType "tourn"]
[EventRounds "9"]
[EventCountry "SWE"]
[EventCategory "11"]
[SourceTitle "CBM 167 Extra"]
[Source "ChessBase"]
[SourceDate "2015.09.14"]
[SourceVersion "1"]
[SourceVersionDate "2015.09.14"]
[SourceQuality "1"]
1. Nf3 d5 2. c4 e6 3. g3 dxc4 4. Qa4+ Nd7 5. Qxc4 a6 6. d3 b5 7. Qc6 Ra7 8. Bg2
Ne7 9. Qc2 c5 10. a4 b4 11. O-O Nc6 12. Nbd2 Be7 13. Nc4 e5 14. e3 O-O 15. b3
Re8 16. Bb2 Bf8 17. Rad1 Rc7 18. Nfd2 Ndb8 19. Nf3 f6 20. Nfd2 Bg4 21. f3 Bh5
22. g4 Bg6 23. Ne4 Re6 24. f4 exf4 25. exf4 Re8 26. f5 Bf7 27. Qf2 Nd4 28. Bxd4
cxd4 29. Qf4 Nc6 30. g5 Ne5 31. gxf6 gxf6 32. Qh4 Rc6 33. Kh1 Kh8 34. Rg1 Bd5
35. Rd2 Bg7 36. Rf1 Qe7 37. Ng3 Bxg2+ 38. Rxg2 Nxd3 39. Qxd4 Rd8 40. Qg4 Ne5
41. Qe4 Rc5 42. Nh5 Bh6 43. Rfg1 Qf7 44. Nd6 Qxh5 45. Qb7 Rf8 46. Qe7 Qf3 47.
Nf7+ Rxf7 48. Qxc5 Nd3 49. Qd4 Rf8 50. Rb1 Nf4 0-1

[Event "SWE-ch"]
[Site "Sunne"]
[Date "2015.07.15"]
[Round "5.1"]
[White "Blomqvist, Erik"]
[Black "Carlsson, Pontus"]
[Result "1-0"]
[WhiteElo "2487"]
[BlackElo "2451"]
[PlyCount "93"]
[EventDate "2015.07.11"]
[EventType "tourn"]
[EventRounds "9"]
[EventCountry "SWE"]
[EventCategory "11"]
[SourceTitle "CBM 167 Extra"]
[Source "ChessBase"]
[SourceDate "2015.09.14"]
[SourceVersion "1"]
[SourceVersionDate "2015.09.14"]
[SourceQuality "1"]
1. Nf3 Nf6 2. c4 e6 3. g3 d5 4. Bg2 dxc4 5. O-O a6 6. Qc2 Nbd7 7. Qxc4 b5 8.
Qc2 Bb7 9. Nc3 c5 10. a4 Bc6 11. d3 Be7 12. e4 O-O 13. Rd1 Rc8 14. axb5 axb5
15. d4 cxd4 16. Nxd4 b4 17. Nxc6 Rxc6 18. e5 Nd5 19. Bxd5 exd5 20. Qa4 Nxe5 21.
Nxd5 Bc5 22. Bf4 Rd6 23. Qb3 Re8 24. Rac1 Qa5 25. Ra1 Qd8 26. Rac1 Qa5 27. Bxe5
Rxe5 28. Qc4 Rc6 29. Ra1 Qd8 30. Ne7+ Qxe7 31. Ra8+ Qe8 32. Rxe8+ Rxe8 33. Qb5
Rcc8 34. Rd7 Be7 35. Qb7 Rc1+ 36. Kg2 Re1 37. Qb5 Bf8 38. h4 R1e6 39. Rb7 g6
40. Qc4 h5 41. Qf4 Be7 42. Qc7 Rd8 43. Rxb4 Kg7 44. Rb7 Rd5 45. b4 g5 46. Qc3+
Kg6 47. Rxe7 1-0

[Event "SWE-ch"]
[Site "Sunne"]
[Date "2015.07.15"]
[Round "5.4"]
[White "Smith, Axel"]
[Black "Berg, Emanuel"]
[Result "1/2-1/2"]
[WhiteElo "2449"]
[BlackElo "2553"]
[PlyCount "124"]
[EventDate "2015.07.11"]
[EventType "tourn"]
[EventRounds "9"]
[EventCountry "SWE"]
[EventCategory "11"]
[SourceTitle "CBM 167 Extra"]
[Source "ChessBase"]
[SourceDate "2015.09.14"]
[SourceVersion "1"]
[SourceVersionDate "2015.09.14"]
[SourceQuality "1"]
1. d4 Nf6 2. c4 g6 3. Nc3 Bg7 4. e4 d6 5. Be2 O-O 6. Bg5 c5 7. d5 h6 8. Bf4 a6
9. Qd2 Kh7 10. Nf3 Bg4 11. a4 Qa5 12. O-O Nbd7 13. Qc2 Ne8 14. Bd2 Qd8 15. h3
Bxf3 16. Bxf3 Nc7 17. Be2 e6 18. f4 exd5 19. exd5 f5 20. Bd3 Bd4+ 21. Kh1 Qh4
22. Rae1 Rae8 23. Rxe8 Nxe8 24. Ne2 Bg7 25. a5 Qd8 26. Re1 Nef6 27. Ng1 Re8 28.
Qb1 Re7 29. b3 Qe8 30. Rxe7 Qxe7 31. Ne2 Kh8 32. Kg1 Nh5 33. Qe1 Bf6 34. Kf1
Ng7 35. Nc3 Qd8 36. Ne2 Qe7 37. Ng1 Qd8 38. Nf3 Nf8 39. g4 Qd7 40. g5 hxg5 41.
fxg5 Bd8 42. b4 cxb4 43. Bxb4 b6 44. Qg3 Ne8 45. h4 bxa5 46. Bc3+ Kg8 47. h5
gxh5 48. Qf4 Ng6 49. Bxf5 Nxf4 50. Bxd7 Ng7 51. Nd4 Bxg5 52. Bxa5 h4 53. Bc7
Be7 54. Nf5 Nxf5 55. Bxf5 Kf7 56. Bc8 Ke8 57. c5 h3 58. Kg1 Nxd5 59. cxd6 Nxc7
60. dxc7 Bc5+ 61. Kh1 Bd6 62. Bxa6 Bxc7 1/2-1/2

[Event "SWE-ch"]
[Site "Sunne"]
[Date "2015.07.15"]
[Round "5.2"]
[White "Hector, Jonny"]
[Black "Semcesen, Daniel"]
[Result "0-1"]
[WhiteElo "2485"]
[BlackElo "2437"]
[PlyCount "82"]
[EventDate "2015.07.11"]
[EventType "tourn"]
[EventRounds "9"]
[EventCountry "SWE"]
[EventCategory "11"]
[SourceTitle "CBM 167 Extra"]
[Source "ChessBase"]
[SourceDate "2015.09.14"]
[SourceVersion "1"]
[SourceVersionDate "2015.09.14"]
[SourceQuality "1"]
1. e4 d6 2. Nc3 Nf6 3. f4 e5 4. Nf3 Nbd7 5. Bc4 Be7 6. d3 c6 7. a4 O-O 8. O-O
a5 9. Kh1 exf4 10. Bxf4 Nc5 11. Ba2 Be6 12. Bb1 d5 13. e5 Nh5 14. Be3 Bg4 15.
Ne2 f6 16. exf6 Rxf6 17. Ne5 Bc8 18. g4 Rxf1+ 19. Qxf1 Nf6 20. h3 Qe8 21. Nf3
Bd6 22. Bd4 Nxg4 23. hxg4 Bxg4 24. Qg2 Qh5+ 25. Nh2 Ne6 26. Ng3 Qh4 27. Bf2 Rf8
28. Kg1 Nf4 29. Nf5 Nh3+ 30. Kf1 Rxf5 31. Nxg4 Nxf2 32. Ne3 Rf4 33. Ke2 Ng4 34.
Nd1 Qe7+ 35. Kd2 Qg5 36. Ke2 d4 37. c3 h5 38. cxd4 Rxd4 39. Ba2+ Kh8 40. Bc4
Rf4 41. Ke1 Bb4+ 0-1

[Event "SWE-ch"]
[Site "Sunne"]
[Date "2015.07.15"]
[Round "5.5"]
[White "Tikkanen, Hans"]
[Black "Grandelius, Nils"]
[Result "0-1"]
[WhiteElo "2529"]
[BlackElo "2623"]
[PlyCount "242"]
[EventDate "2015.07.11"]
[EventType "tourn"]
[EventRounds "9"]
[EventCountry "SWE"]
[EventCategory "11"]
[SourceTitle "CBM 167 Extra"]
[Source "ChessBase"]
[SourceDate "2015.09.14"]
[SourceVersion "1"]
[SourceVersionDate "2015.09.14"]
[SourceQuality "1"]
1. e4 e5 2. Nf3 Nc6 3. Bb5 a6 4. Ba4 Nf6 5. O-O Be7 6. d3 d6 7. c3 O-O 8. Nbd2
b5 9. Bc2 d5 10. a4 Be6 11. Re1 b4 12. a5 bxc3 13. bxc3 Rb8 14. Ba4 Nxa5 15.
Nxe5 c5 16. Qe2 Qc7 17. f4 Bd6 18. Bc2 Rfe8 19. Ndf3 c4 20. d4 Nxe4 21. Ng5
Nxg5 22. fxg5 Bxe5 23. Qxe5 Qxe5 24. dxe5 Nb3 25. Rxa6 Ra8 26. Rb6 Ra1 27. Bxb3
cxb3 28. Rxb3 d4 29. c4 Rc8 30. Ra3 Rxa3 31. Bxa3 Rxc4 32. Rb1 h6 33. Rb4 Rc2
34. Rxd4 hxg5 35. Bb4 Kh7 36. Rd2 Rc1+ 37. Kf2 Kg6 38. h3 Kf5 39. Bf8 Kg6 40.
Kg3 Rc3+ 41. Kh2 Re3 42. Bd6 Re4 43. Kg3 Re3+ 44. Kh2 g4 45. hxg4 Bxg4 46. Rf2
Rd3 47. Rf4 Be6 48. Rf3 Rd4 49. Bc5 Re4 50. Re3 Rh4+ 51. Kg3 Rc4 52. Bf8 Rc8
53. Bd6 Kh5 54. Rf3 Ra8 55. Ra3 Rd8 56. Rf3 Rc8 57. Be7 Rc2 58. Rf2 Rc1 59. Bf8
Rc8 60. Bb4 g5 61. Rf3 Rc4 62. Bc3 Bd5 63. Rd3 Rg4+ 64. Kf2 Rxg2+ 65. Ke3 Bc4
66. Rd2 Rg3+ 67. Kd4 Be6 68. Rh2+ Kg6 69. Be1 Rg4+ 70. Kd3 Bf5+ 71. Kd2 Rd4+
72. Kc1 Rd3 73. Bd2 Rd5 74. Rg2 Rc5+ 75. Kb2 g4 76. Rh2 g3 77. Rh6+ Kg7 78. Rh5
Bg6 79. Bh6+ Kg8 80. Rg5 Kh7 81. Bf8 Rc2+ 82. Kb3 g2 83. Kb4 Bd3 84. Rg7+ Kh8
85. Rg3 Be4 86. Bc5 Kh7 87. Be3 Re2 88. Bg1 Ba8 89. Bd4 Kh6 90. Kc3 Be4 91. Bg1
Kh5 92. Kd4 Bg6 93. e6 fxe6 94. Re3 Rd2+ 95. Ke5 Bf5 96. Rg3 Bg4 97. Kf4 Ra2
98. Bd4 Bf5 99. Kf3 Bd3 100. Kf4 Bc4 101. Rh3+ Kg6 102. Rg3+ Kf7 103. Rg7+ Kf8
104. Rg3 Bd5 105. Ke3 Ke7 106. Be5 Rc2 107. Kd3 Rc1 108. Bd4 Rd1+ 109. Kc3 Kd6
110. Rg5 Be4 111. Bc5+ Kc6 112. Bf2 Kd7 113. Rg4 Rf1 114. Be3 Bf3 115. Rg5 e5
116. Bb6 Kc6 117. Be3 Kd5 118. Rg8 Ke4 119. Ba7 Kf4 120. Kd2 Bg4 121. Rf8+ Ke4
0-1

[Event "SWE-ch"]
[Site "Sunne"]
[Date "2015.07.14"]
[Round "4.3"]
[White "Cramling, Pia"]
[Black "Smith, Axel"]
[Result "0-1"]
[WhiteElo "2512"]
[BlackElo "2449"]
[PlyCount "122"]
[EventDate "2015.07.11"]
[EventType "tourn"]
[EventRounds "9"]
[EventCountry "SWE"]
[EventCategory "11"]
[SourceTitle "CBM 167 Extra"]
[Source "ChessBase"]
[SourceDate "2015.09.14"]
[SourceVersion "1"]
[SourceVersionDate "2015.09.14"]
[SourceQuality "1"]
1. Nf3 c5 2. c4 g6 3. d4 cxd4 4. Nxd4 Nc6 5. Nc2 Bg7 6. e4 d6 7. Be2 Be6 8. O-O
Rc8 9. Ne3 Nf6 10. Nc3 Na5 11. Qa4+ Nd7 12. Bd2 O-O 13. Ned5 Nc6 14. Qd1 Nd4
15. Rc1 Ne5 16. b3 Nxe2+ 17. Qxe2 Nc6 18. Be3 Re8 19. Rfd1 Qa5 20. Nb5 Bxd5 21.
exd5 Ne5 22. Nxa7 Ra8 23. Nb5 Qxa2 24. Qc2 Rec8 25. h3 Nd7 26. Bg5 Qxc2 27.
Rxc2 Kf8 28. Re2 Bf6 29. h4 Bxg5 30. hxg5 Nc5 31. Re3 Rd8 32. Rde1 Rd7 33. Rh3
Kg7 34. Rhe3 e5 35. dxe6 Nxe6 36. Rd1 Ra6 37. Rd5 Nf4 38. Rd2 Ne6 39. Rg3 Nc5
40. Rf3 Ne4 41. Rd5 Ra1+ 42. Kh2 Ra2 43. Rf4 Nxf2 44. Rxd6 Re7 45. Nc3 Rb2 46.
Na4 Rbe2 47. Nc3 Ne4 48. Rxg6+ hxg6 49. Nxe2 Nxg5 50. Nd4 f5 51. c5 Kf6 52. c6
bxc6 53. Nxc6 Rh7+ 54. Kg1 Ne4 55. Rf3 Rc7 56. Nd4 Ke5 57. Ne2 g5 58. Ng3 Rc1+
59. Kh2 f4 60. Nxe4 Kxe4 61. b4 g4 0-1

[Event "SWE-ch"]
[Site "Sunne"]
[Date "2015.07.14"]
[Round "4.5"]
[White "Berg, Emanuel"]
[Black "Tikkanen, Hans"]
[Result "1/2-1/2"]
[WhiteElo "2553"]
[BlackElo "2529"]
[PlyCount "155"]
[EventDate "2015.07.11"]
[EventType "tourn"]
[EventRounds "9"]
[EventCountry "SWE"]
[EventCategory "11"]
[SourceTitle "CBM 167 Extra"]
[Source "ChessBase"]
[SourceDate "2015.09.14"]
[SourceVersion "1"]
[SourceVersionDate "2015.09.14"]
[SourceQuality "1"]
1. e4 d6 2. d4 Nf6 3. Nc3 e5 4. Nf3 Nbd7 5. Bc4 Be7 6. O-O O-O 7. a4 c6 8. Re1
exd4 9. Nxd4 Ne5 10. Ba2 Re8 11. h3 Qa5 12. Be3 Bd7 13. f4 Ng6 14. Qd3 Bd8 15.
b4 Qh5 16. a5 Bc7 17. Re2 Re7 18. Rf1 Rae8 19. Bd2 Nh4 20. Be1 c5 21. Ndb5 cxb4
22. Nxc7 Qc5+ 23. Kh2 Qxc7 24. Nd5 Nxd5 25. Bxd5 Ng6 26. Bxb4 Be6 27. c4 Bxd5
28. Qxd5 Qc6 29. e5 Rd7 30. Bxd6 Ne7 31. Qxc6 Nxc6 32. Ra2 f6 33. c5 a6 34. Re1
fxe5 35. fxe5 Kf7 36. Kg3 Ke6 37. Rb1 Rf7 38. Rb6 Rd8 39. Rab2 Rdd7 40. Rxc6
bxc6 41. Rb6 Kd5 42. e6 Kxe6 43. Rxc6 Kd5 44. Rxa6 Ra7 45. Rxa7 Rxa7 46. Kf3
Rxa5 47. g4 Ra3+ 48. Kg2 Rc3 49. Bf8 g6 50. Bd6 Ke4 51. Bf8 Kf4 52. Bd6+ Ke4
53. Bf8 Kd5 54. Bd6 Ke6 55. Bf8 Rd3 56. Bd6 Re3 57. Bf4 Rc3 58. Bd6 Kf6 59. Bf8
Re3 60. Bd6 Kg5 61. c6 Kh4 62. c7 Rc3 63. Be7+ g5 64. Bd6 Rc2+ 65. Kf3 Kxh3 66.
Ke4 Kxg4 67. Kd5 Rxc7 68. Bxc7 Kf3 69. Ke5 g4 70. Kf5 g3 71. Kg5 g2 72. Bb6 Kg3
73. Bg1 Kf3 74. Kh4 h5 75. Kh3 h4 76. Kxh4 Ke4 77. Kg3 Ke5 78. Kxg2 1/2-1/2

[Event "SWE-ch"]
[Site "Sunne"]
[Date "2015.07.14"]
[Round "4.2"]
[White "Semcesen, Daniel"]
[Black "Blomqvist, Erik"]
[Result "0-1"]
[WhiteElo "2437"]
[BlackElo "2487"]
[PlyCount "56"]
[EventDate "2015.07.11"]
[EventType "tourn"]
[EventRounds "9"]
[EventCountry "SWE"]
[EventCategory "11"]
[SourceTitle "CBM 167 Extra"]
[Source "ChessBase"]
[SourceDate "2015.09.14"]
[SourceVersion "1"]
[SourceVersionDate "2015.09.14"]
[SourceQuality "1"]
1. d4 d5 2. c4 c6 3. Nf3 Nf6 4. Qb3 a6 5. Bg5 Ne4 6. Bf4 g5 7. Be5 Rg8 8. e3 e6
9. Nc3 Qa5 10. h3 Nd7 11. Bh2 Ndf6 12. Ne5 Nxc3 13. bxc3 Ne4 14. Bd3 Qxc3+ 15.
Qxc3 Nxc3 16. Bxh7 Rg7 17. Bd3 Ba3 18. Kd2 Bb4 19. Kc2 f6 20. Ng4 dxc4 21. Bxc4
Ke7 22. Kb3 Ba5 23. Rac1 Nd5 24. e4 Nf4 25. e5 f5 26. Ne3 b5 27. Bf1 Bb7 28. f3
Bd2 0-1

[Event "SWE-ch"]
[Site "Sunne"]
[Date "2015.07.14"]
[Round "4.4"]
[White "Grandelius, Nils"]
[Black "Hector, Jonny"]
[Result "1-0"]
[WhiteElo "2623"]
[BlackElo "2485"]
[PlyCount "53"]
[EventDate "2015.07.11"]
[EventType "tourn"]
[EventRounds "9"]
[EventCountry "SWE"]
[EventCategory "11"]
[SourceTitle "CBM 167 Extra"]
[Source "ChessBase"]
[SourceDate "2015.09.14"]
[SourceVersion "1"]
[SourceVersionDate "2015.09.14"]
[SourceQuality "1"]
1. Nf3 d5 2. d4 Nf6 3. c4 c6 4. Nc3 dxc4 5. a4 Bf5 6. Ne5 Nbd7 7. Nxc4 Qc7 8.
g3 e5 9. dxe5 Nxe5 10. Bf4 Nfd7 11. a5 f6 12. a6 b6 13. Bg2 Rd8 14. O-O Nc5 15.
Qc1 Be7 16. Qe3 Nxc4 17. Bxc7 Nxe3 18. fxe3 Bd7 19. Bxd8 Bxd8 20. Rfd1 Bc7 21.
b4 Ne6 22. Rd3 Ke7 23. Rad1 Be8 24. b5 Nc5 25. bxc6 Nxd3 26. exd3 Bh5 27. Rc1
1-0

[Event "SWE-ch"]
[Site "Sunne"]
[Date "2015.07.14"]
[Round "4.1"]
[White "Carlsson, Pontus"]
[Black "Hillarp Persson, Tiger"]
[Result "0-1"]
[WhiteElo "2451"]
[BlackElo "2563"]
[PlyCount "158"]
[EventDate "2015.07.11"]
[EventType "tourn"]
[EventRounds "9"]
[EventCountry "SWE"]
[EventCategory "11"]
[SourceTitle "CBM 167 Extra"]
[Source "ChessBase"]
[SourceDate "2015.09.14"]
[SourceVersion "1"]
[SourceVersionDate "2015.09.14"]
[SourceQuality "1"]
1. e4 g6 2. d4 Bg7 3. Nc3 d6 4. f4 Nf6 5. Nf3 O-O 6. Bd3 Nc6 7. O-O e5 8. fxe5
dxe5 9. d5 Ne7 10. Nxe5 c6 11. Kh1 cxd5 12. Bg5 Qc7 13. Bxf6 Bxf6 14. Rxf6 Qxe5
15. Rf2 dxe4 16. Bxe4 Be6 17. Rd2 Rac8 18. Bf3 Nf5 19. Qg1 Rc4 20. Qe1 Qxe1+
21. Rxe1 Kg7 22. Ne2 Ra4 23. a3 b6 24. Kg1 h5 25. Kf2 g5 26. Nc3 Rd4 27. Red1
Rc4 28. g3 h4 29. Be2 Rcc8 30. Ba6 Rc6 31. Rd8 Rxd8 32. Rxd8 Nh6 33. gxh4 gxh4
34. Be2 Rc5 35. Rd4 Rf5+ 36. Ke1 h3 37. Rh4 Rg5 38. Rf4 Bf5 39. Bd1 Rg2 40. Rf2
Rg1+ 41. Rf1 Rg2 42. Rf2 Rg1+ 43. Rf1 Rg5 44. Rf3 Be6 45. Be2 Rg2 46. Rf2 Ng4
47. Bxg4 Rxg4 48. Ne2 Re4 49. Kd2 Kh6 50. Nf4 Bg4 51. Ne2 Kg5 52. Kd3 f5 53.
Nd4 Re8 54. c4 f4 55. Rf1 Re3+ 56. Kd2 Bf5 57. Rf3 Re4 58. Nxf5 Kxf5 59. Kd3
Re7 60. Rxh3 Kg4 61. Rh8 Kf3 62. b4 Rd7+ 63. Kc3 Kg2 64. Rg8+ Kxh2 65. Rf8 Kg3
66. c5 bxc5 67. bxc5 f3 68. Kc4 f2 69. Rg8+ Kf3 70. Rf8+ Ke2 71. Re8+ Kf1 72.
Rf8 Rd1 73. Kb5 Ke2 74. Kc6 f1=Q 75. Rxf1 Rxf1 76. Kb7 Rf7+ 77. Kb8 a5 78. c6
Rf8+ 79. Kb7 a4 0-1

[Event "SWE-ch"]
[Site "Sunne"]
[Date "2015.07.13"]
[Round "3"]
[White "Semcesen, Daniel"]
[Black "Carlsson, Pontus"]
[Result "1/2-1/2"]
[WhiteElo "2437"]
[BlackElo "2451"]
[PlyCount "53"]
[EventDate "2015.07.11"]
[EventType "tourn"]
[EventRounds "9"]
[EventCountry "SWE"]
[EventCategory "11"]
[SourceTitle "CBM 167 Extra"]
[Source "ChessBase"]
[SourceDate "2015.09.14"]
[SourceVersion "1"]
[SourceVersionDate "2015.09.14"]
[SourceQuality "1"]
1. d4 Nf6 2. c4 e6 3. Nc3 Bb4 4. Qc2 O-O 5. a3 Bxc3+ 6. Qxc3 b6 7. Bg5 d6 8. f3
Nbd7 9. e3 c5 10. Bd3 Ba6 11. dxc5 Nxc5 12. Bc2 Rc8 13. Qd4 Ncd7 14. Qxd6 Rxc4
15. Bd3 Qc8 16. Ne2 Rc5 17. Bxf6 Nxf6 18. Rd1 Nd5 19. Kf2 Rc2 20. Qe5 Bxd3 21.
Rxd3 Qc4 22. Rhd1 Qh4+ 23. Kf1 Qh6 24. Kf2 Qh4+ 25. Kf1 Qh6 26. Kf2 Qh4+ 27.
Kf1 1/2-1/2

[Event "SWE-ch"]
[Site "Sunne"]
[Date "2015.07.13"]
[Round "3"]
[White "Smith, Axel"]
[Black "Hillarp Persson, Tiger"]
[Result "1/2-1/2"]
[WhiteElo "2449"]
[BlackElo "2563"]
[PlyCount "223"]
[EventDate "2015.07.11"]
[EventType "tourn"]
[EventRounds "9"]
[EventCountry "SWE"]
[EventCategory "11"]
[SourceTitle "CBM 167 Extra"]
[Source "ChessBase"]
[SourceDate "2015.09.14"]
[SourceVersion "1"]
[SourceVersionDate "2015.09.14"]
[SourceQuality "1"]
1. d4 Nf6 2. c4 g6 3. g3 Bg7 4. Bg2 O-O 5. Nc3 d6 6. Nf3 Nbd7 7. O-O e5 8. e4
Re8 9. h3 a5 10. Re1 exd4 11. Nxd4 Nc5 12. Ndb5 Bd7 13. Bf4 Bxb5 14. cxb5 Nfd7
15. Qc2 h5 16. Rad1 h4 17. gxh4 Qxh4 18. Nd5 Rac8 19. Qd2 Ne6 20. Bg3 Qh8 21.
b6 cxb6 22. Bxd6 Bxb2 23. Ne7+ Rxe7 24. Bxe7 Ndc5 25. Qd5 Be5 26. Bd6 Bxd6 27.
Qxd6 Qb2 28. Qd2 Qf6 29. e5 Qh4 30. Qe3 b5 31. Rd6 Na4 32. Rxe6 fxe6 33. Qd3
Nc5 34. Qxb5 Qb4 35. Qxb4 axb4 36. Rc1 b6 37. Rc4 Rc7 38. Rxb4 Ra7 39. Rxb6
Rxa2 40. Rc6 Ra5 41. Bf1 Kg7 42. Bc4 Ne4 43. f4 g5 44. Rc7+ Kh8 45. Rc8+ Kg7
46. Rc7+ Kh8 47. f5 exf5 48. e6 Re5 49. e7 Nf6 50. Rb7 g4 51. hxg4 fxg4 52. Kg2
Re4 53. Bf7 Re3 54. Bg6 g3 55. Rb8+ Kg7 56. e8=Q Nxe8 57. Bxe8 Kf6 58. Bc6 Ke5
59. Bf3 Ra3 60. Rb5+ Kf4 61. Rb4+ Ke5 62. Kxg3 Re3 63. Rb5+ Kd4 64. Kf4 Re8 65.
Rd5+ Kc4 66. Be4 Rh8 67. Rd2 Rh5 68. Bf5 Rh1 69. Ke5 Rh5 70. Rc2+ Kb3 71. Rc8
Kb4 72. Ke4 Kb5 73. Be6 Rh4+ 74. Kd5 Rh5+ 75. Kd6 Kb4 76. Rc4+ Kb5 77. Rc3 Rh4
78. Bd5 Rh6+ 79. Ke5 Kb4 80. Rc1 Kb5 81. Kd4 Rh4+ 82. Be4 Kb6 83. Rc2 Rh5 84.
Bf3 Rh4+ 85. Kd5 Rh3 86. Rc3 Rh2 87. Rb3+ Kc7 88. Ke5 Rh6 89. Rb7+ Kc8 90. Rf7
Kb8 91. Kd5 Kc8 92. Bg4+ Kd8 93. Be6 Ke8 94. Kd6 Rg6 95. Rf1 Rh6 96. Rg1 Rf6
97. Rg2 Rf1 98. Rg6 Rf2 99. Bd5 Rf1 100. Rg8+ Rf8 101. Rg4 Rf6+ 102. Be6 Rf1
103. Rc4 Kf8 104. Rc8+ Kg7 105. Rg8+ Kh7 106. Rg3 Kh6 107. Ke5 Rf8 108. Bf5 Ra8
109. Kf4 Ra6 110. Re3 Ra4+ 111. Re4 Rxe4+ 112. Bxe4 1/2-1/2

[Event "SWE-ch"]
[Site "Sunne"]
[Date "2015.07.13"]
[Round "3"]
[White "Blomqvist, Erik"]
[Black "Grandelius, Nils"]
[Result "1/2-1/2"]
[WhiteElo "2487"]
[BlackElo "2623"]
[PlyCount "131"]
[EventDate "2015.07.11"]
[EventType "tourn"]
[EventRounds "9"]
[EventCountry "SWE"]
[EventCategory "11"]
[SourceTitle "CBM 167 Extra"]
[Source "ChessBase"]
[SourceDate "2015.09.14"]
[SourceVersion "1"]
[SourceVersionDate "2015.09.14"]
[SourceQuality "1"]
1. Nf3 d5 2. g3 g6 3. Bg2 Bg7 4. d4 Nf6 5. O-O O-O 6. Nbd2 c6 7. c4 a5 8. b3 a4
9. Ba3 Bf5 10. bxa4 dxc4 11. Nxc4 b5 12. Nb2 Nd5 13. Qd2 Nd7 14. Rfc1 b4 15.
Bxb4 Nxb4 16. Qxb4 c5 17. Qd2 Qa5 18. Rd1 Rfb8 19. Rac1 Ra7 20. Rc3 Be6 21. e3
Bxa2 22. Rdc1 Be6 23. h4 Nf8 24. Nc4 Qb4 25. Nfe5 Bd7 26. Nd3 cxd4 27. exd4
Qxa4 28. Ra3 Qxc4 29. Rxc4 Rxa3 30. Ne5 Be6 31. Rc7 Ra2 32. Rc2 Rxc2 33. Qxc2
Rd8 34. Nc6 Rd7 35. d5 Bf5 36. Qe2 e6 37. g4 Bb1 38. Qb5 Ba2 39. dxe6 Rd1+ 40.
Kh2 Bxe6 41. Bd5 Bd7 42. Qe2 Ra1 43. Ne7+ Kh8 44. Bxf7 Ra7 45. Qe3 Ra5 46. g5
Re5 47. Qa3 Re4 48. f3 Rxh4+ 49. Kg2 Ra4 50. Qd6 Rd4 51. Qb8 Rd2+ 52. Kf1 Rb2
53. Qd6 Bh3+ 54. Kg1 Rg2+ 55. Kh1 Rxg5 56. f4 Rb5 57. Bc4 Rb2 58. Qd3 Bd7 59.
f5 gxf5 60. Nxf5 Bxf5 61. Qxf5 Rb8 62. Bd3 Rd8 63. Qh3 Re8 64. Kg2 Rd8 65. Kf1
Re8 66. Kg2 1/2-1/2

[Event "SWE-ch"]
[Site "Sunne"]
[Date "2015.07.13"]
[Round "3"]
[White "Hector, Jonny"]
[Black "Berg, Emanuel"]
[Result "1/2-1/2"]
[WhiteElo "2485"]
[BlackElo "2553"]
[PlyCount "126"]
[EventDate "2015.07.11"]
[EventType "tourn"]
[EventRounds "9"]
[EventCountry "SWE"]
[EventCategory "11"]
[SourceTitle "CBM 167 Extra"]
[Source "ChessBase"]
[SourceDate "2015.09.14"]
[SourceVersion "1"]
[SourceVersionDate "2015.09.14"]
[SourceQuality "1"]
1. e4 c5 2. Nf3 d6 3. d4 cxd4 4. Nxd4 Nf6 5. Nc3 a6 6. Bg5 Nbd7 7. f4 Qa5 8.
Nb3 Qc7 9. Nd5 Nxd5 10. exd5 h6 11. Bh4 g5 12. Bf2 gxf4 13. Bd4 Rg8 14. Qd2 Rg5
15. c4 Ne5 16. Rc1 f3 17. Rc3 Bg4 18. c5 Rd8 19. h3 fxg2 20. Bxg2 Bh5 21. h4
Rf5 22. Rf1 Rxf1+ 23. Kxf1 Bg7 24. Rg3 dxc5 25. Rxg7 cxd4 26. Rg8+ Kd7 27. Bh3+
e6 28. dxe6+ Ke7 29. Rxd8 Kxd8 30. Nxd4 Qc4+ 31. Kf2 Ke8 32. exf7+ Qxf7+ 33.
Nf5 Bg4 34. Qc2 Bxf5 35. Bxf5 Qxa2 36. Qc8+ Ke7 37. Qxb7+ Kf6 38. Be4 Qc4 39.
Kg3 Qg8+ 40. Kf2 Qc4 41. Qb6+ Ke7 42. Qb7+ Nd7 43. b3 Qd4+ 44. Kg2 Qd2+ 45. Kh3
Qe3+ 46. Kg4 Qe2+ 47. Bf3 Qe6+ 48. Kg3 Qd6+ 49. Kh3 Kf6 50. Be2 a5 51. Qf3+ Ke7
52. Bc4 Ne5 53. Qe4 Kf6 54. Qf4+ Ke7 55. Qe4 Kf6 56. Qf4+ Kg6 57. Qg3+ Kf5 58.
Qf2+ Ke4 59. Qe1+ Kf4 60. Qf2+ Ke4 61. Qe1+ Kf5 62. Qf2+ Kg6 63. Qg3+ Kf6
1/2-1/2